Career as a celebrity manager

Bibliographic Details
Main Author: Bridge, Alan
Format: Book
Published: New York, USA : Larsen & Keller 2023
Subjects:

MARC

LEADER 00000cam a2200000 7i4500
001 0000092320
005 20231011093932.0
008 230912 eng
020 |a 9781641729985 (  |q (paperback)) 
040 |e rda 
041 |a English 
090 0 0 |a 658.409   |b BRI 
100 1 |a Bridge, Alan 
245 1 0 |a Career as a celebrity manager   |c Alan Bridge 
264 1 |a New York, USA :   |b Larsen & Keller   |c 2023 
300 |a 246 pages :   |b color illustrations ;   |c 26.5 cm. 
336 |a text  |2 rdacontent 
337 |a unmediated  |2 rdamedia 
338 |a volume  |2 rdacarrier 
541 |c Purchased on 2023   |f 230136 TGR   |h RM361.90 
650 0 |a Celebrities 
650 0 |a Executive   |x Vocational guidance 
650 0 |a Personnel management   |x Vocational guidance 
730 0 |a Title 
999 |a 0001734524   |b Book   |c REFERENCE   |e Perbadanan Perpustakaan Awam Johor 
999 |a 0001734593   |b Book   |c REFERENCE   |e Cawangan Pontian